Rosemary for forgetting /

Uloženo v:
Podrobná bibliografie
Hlavní autor: Ayres, Ruby M. (Ruby Mildred), 1883-1955
Médium: Kniha
Jazyk:English
Vydáno: London : Baker, 1970, c1966.
LEADER 00784nam a2200217 a 4500
001 c000095730
003 CARM
005 00000000000000.0
008 950302c19701966enk 00001 eng d
019 1 |a 11458031  |z 45054278  |5 LACONCORD2021 
020 |a 0093010001 
035 |a (OCoLC)30289214  |5 LACONCORD2021 
040 |a VLINC  |c VLINC 
100 1 |a Ayres, Ruby M.  |q (Ruby Mildred),  |d 1883-1955. 
245 1 0 |a Rosemary for forgetting /  |c Ruby M. Ayres. 
260 |a London :  |b Baker,  |c 1970, c1966. 
300 |a 190 p. ;  |c 20 cm. 
852 8 |b CARM  |h A2:AB09A0  |i B02430  |p 0101576  |f BK 
082 0 4 |a 823.914  |2 20 
999 f f |i 8d4d7c25-0181-50a0-99c0-1df863fd24d7  |s 48793d11-b6b9-54a8-be39-89cf6f8f7092 
952 f f |p Can circulate  |a CAVAL  |b CAVAL  |c CAVAL  |d CARM 1 Store  |e B02430  |f A2:AB09A0  |h Other scheme  |i book  |m 0101576